Project recovery : case studies and techniques for overcoming project failure /

Bibliographic Details
Main Author: Kerzner, Harold.
Format: eBook
Language:English
Published: Hoboken, New Jersey : Wiley, 2014.
Subjects:
Online Access:Click to View
LEADER 01691nam a2200421 i 4500
001 EBC1631132
003 MiAaPQ
005 20200520144314.0
006 m o d |
007 cr cnu||||||||
008 140219t20142014nju o 001 0 eng d
020 |z 9781118809198 
020 |a 9781118809129  |q (electronic bk.) 
020 |a 9781118841617  |q (electronic bk.) 
020 |a 9781118809174  |q (electronic bk.) 
035 |a (MiAaPQ)EBC1631132 
035 |a (Au-PeEL)EBL1631132 
035 |a (CaPaEBR)ebr10837053 
035 |a (OCoLC)857754214 
040 |a MiAaPQ  |b eng  |e rda  |e pn  |c MiAaPQ  |d MiAaPQ 
050 4 |a HD69.P75  |b .K495 2014 
082 0 |a 658.4/04  |2 23 
100 1 |a Kerzner, Harold. 
245 1 0 |a Project recovery :  |b case studies and techniques for overcoming project failure /  |c Harold Kerzner. 
264 1 |a Hoboken, New Jersey :  |b Wiley,  |c 2014. 
264 4 |c 2014 
300 |a 1 online resource (337 pages) 
336 |a text  |2 rdacontent 
337 |a computer  |2 rdamedia 
338 |a online resource  |2 rdacarrier 
500 |a Includes index. 
588 |a Description based on print version record. 
590 |a Electronic reproduction. Ann Arbor, MI : ProQuest, 2015. Available via World Wide Web. Access may be limited to ProQuest affiliated libraries. 
650 0 |a Project management. 
655 4 |a Electronic books. 
776 0 8 |i Print version:  |a Kerzner, Harold.  |t Project recovery : case studies and techniques for overcoming project failure.  |d Hoboken, New Jersey : Wiley, c2014   |h xii, 323 pages   |z 9781118809198   |w 2013035013 
797 2 |a ProQuest (Firm) 
856 4 0 |u https://ebookcentral.proquest.com/lib/matrademy/detail.action?docID=1631132  |z Click to View